<?xml version="1.0" encoding="UTF-8"?><?xml-stylesheet type="text/xsl" href="static/style.xsl"?><OAI-PMH xmlns="http://www.openarchives.org/OAI/2.0/" xmlns:xsi="http://www.w3.org/2001/XMLSchema-instance" xsi:schemaLocation="http://www.openarchives.org/OAI/2.0/ http://www.openarchives.org/OAI/2.0/OAI-PMH.xsd"><responseDate>2026-06-02T16:39:18Z</responseDate><request verb="GetRecord" identifier="oai:riuma.uma.es:10630/41159" metadataPrefix="marc">https://riuma.uma.es/rest/oai/request</request><GetRecord><record><header><identifier>oai:riuma.uma.es:10630/41159</identifier><datestamp>2026-02-03T11:20:18Z</datestamp><setSpec>com_10630_2254</setSpec><setSpec>col_10630_37953</setSpec></header><metadata><record xmlns="http://www.loc.gov/MARC21/slim" xmlns:dcterms="http://purl.org/dc/terms/" xmlns:doc="http://www.lyncode.com/xoai" xmlns:xsi="http://www.w3.org/2001/XMLSchema-instance" xsi:schemaLocation="http://www.loc.gov/MARC21/slim http://www.loc.gov/standards/marcxml/schema/MARC21slim.xsd">
   <leader>00925njm 22002777a 4500</leader>
   <datafield ind2=" " ind1=" " tag="042">
      <subfield code="a">dc</subfield>
   </datafield>
   <datafield ind2=" " ind1=" " tag="720">
      <subfield code="a">Pérez-Tapia, Gema</subfield>
      <subfield code="e">author</subfield>
   </datafield>
   <datafield ind2=" " ind1=" " tag="720">
      <subfield code="a">Cabrera-Sánchez, Juan Pedro</subfield>
      <subfield code="e">author</subfield>
   </datafield>
   <datafield ind2=" " ind1=" " tag="720">
      <subfield code="a">Hernández Correa, Emilio</subfield>
      <subfield code="e">author</subfield>
   </datafield>
   <datafield ind2=" " ind1=" " tag="260">
      <subfield code="c">2025</subfield>
   </datafield>
   <datafield ind2=" " ind1=" " tag="520">
      <subfield code="a">There is growing interest among academics and Destination Marketing&#xd;
Organizations (DMOs) in leveraging destination personality as a&#xd;
differentiation strategy within an increasingly competitive tourism&#xd;
market. Identifying the most relevant personality dimensions that&#xd;
influence tourists' perceived image and their intention to visit is essential&#xd;
for effective strategic image projection. Although various methodologies&#xd;
have been employed to analyze these personality dimensions, no&#xd;
consensus has yet been reached—particularly concerning the mediating&#xd;
role of brand–self congruity. To address this gap, the present study&#xd;
proposes an innovative methodological framework that clarifies the&#xd;
relationship between destination personality and behavioral outcomes,&#xd;
irrespective of the moderating role of self-congruence. Partial least&#xd;
squares structural equation modelling (PLS-SEM) was employed for the&#xd;
analysis. By integrating Necessary Condition Analysis (NCA) and&#xd;
Importance–Performance Map Analysis (IPMA), the framework offers&#xd;
deeper analytical insights, which represent the primary contribution of&#xd;
this research. To demonstrate the practicality and effectiveness of the&#xd;
proposed model, an empirical application is presented.</subfield>
   </datafield>
   <datafield ind1="8" ind2=" " tag="024">
      <subfield code="a">Pérez-Tapia, G., Cabrera-Sánchez, J. P., &amp; Hernández Correa, E. (2025). Innovative framework for the analysis of the effects of destination personality on behavioral results: The mediating role of self-congruity. Journal of Vacation Marketing, 13567667251361151.</subfield>
   </datafield>
   <datafield ind1="8" ind2=" " tag="024">
      <subfield code="a">https://hdl.handle.net/10630/41159</subfield>
   </datafield>
   <datafield ind1="8" ind2=" " tag="024">
      <subfield code="a">10.1177/13567667251361151</subfield>
   </datafield>
   <datafield tag="653" ind2=" " ind1=" ">
      <subfield code="a">Turismo - Toma de decisiones</subfield>
   </datafield>
   <datafield ind2="0" ind1="0" tag="245">
      <subfield code="a">Innovative Framework for the analysis of the effects of Destination Personality on Behavioral Results: Self- Congruity's mediating role</subfield>
   </datafield>
</record>
</metadata></record></GetRecord></OAI-PMH>